日本ユネスコエコパーク - Statistics

General Stats
  • This quiz has been taken 2 times
  • The average score is 6 of 10
Answer Stats
登録年 都道府県 Answer % Correct
1980 石川・福井・富山・岐阜 白山
100%
2014 山梨・長野・静岡 南アルプス
100%
2019 山梨・埼玉・長野・東京 甲武信
100%
1980 三重・奈良 大台ケ原・大峯山・大杉谷
50%
1980 鹿児島 屋久島・口永良部島
50%
2012 宮崎
50%
2014 福島 只見
50%
2017 群馬・新潟 みなかみ
50%
2017 大分・宮崎 祖母・傾・大崩
50%
1980 長野・群馬 志賀高原
0%
No matching quizzes found
Score Distribution
Percent of People with Each Score
Percentile by Number Answered
Your Score History
You have not taken this quiz